000
00343 a2200157 4500
001
60958
020
_a
8508080972
040
_c
Anchieta - Pituba
100
_a
Aguiar, Luiz Antonio
240
1
0
_a
Corações partidos
_l
por
245
1
0
_a
Corações partidos
300
_a
152
362
0
_a
2005
650
4
_a
Literatura juvenil
942
_c
BK
999
_c
60958
_d
60958